EL TEMPLO DE LA COMPAÑIA DE JESUS EN GUANAJUATO : (Registro nro. 48154)
[ vista simple ]
| 000 -LEADER | |
|---|---|
| fixed length control field | 01180nam a2200205 a 4500 |
| 001 - CONTROL NUMBER | |
| control field | 48154 |
| 005 - DATE AND TIME OF LATEST TRANSACTION | |
| control field | 20180714032350.0 |
| 008 - FIXED-LENGTH DATA ELEMENTS--GENERAL INFORMATION | |
| fixed length control field | 140415s1969 mx 000 0 spa d |
| 041 ## - LANGUAGE CODE | |
| Language code of text/sound track or separate title | spa |
| 082 ## - DEWEY DECIMAL CLASSIFICATION NUMBER | |
| Classification number | 726.50288 |
| Item number | DIA |
| 100 1# - MAIN ENTRY--PERSONAL NAME | |
| Personal name | DIAZ-BERRIO, SALVADOR |
| 245 13 - TITLE STATEMENT | |
| Title | EL TEMPLO DE LA COMPAÑIA DE JESUS EN GUANAJUATO : |
| Remainder of title | PROYECTO DE RESTAURACION |
| 250 ## - EDITION STATEMENT | |
| Edition statement | 1a ed. |
| 260 ## - PUBLICATION, DISTRIBUTION, ETC. | |
| Place of publication, distribution, etc. | MEXICO : |
| Name of publisher, distributor, etc. | UNIVERSIDAD DE GUANAJUATO, |
| Date of publication, distribution, etc. | 1969 |
| 300 ## - PHYSICAL DESCRIPTION | |
| Extent | 1178 |
| Dimensions | 24 x 1.8 x 29.2 |
| 490 ## - SERIES STATEMENT | |
| Series statement | ENCICLOPEDIA DE LOS MUNICIPIOS DE MEXICO(COL.PUEBL |
| 520 ## - SUMMARY, ETC. | |
| Summary, etc. | HEMOS CONSIDERADO COMO UNA FINALIDAD PROMORDIAL DE LAS PRÁCTICAS DE ESTUDIOS QUE REALIZAN LOS ESTUDIANTES DE LA UNIVERSIDAD DE GUANAJUATO, TRATAR DE SATISFACER REQUERIMIENTOS DE LA COLECTIVIDAD GUANAJUATENSE. POR ELLO NUESTRA CASA DE ESTUDIOS HA ESTIMULADO LA ACCIÓN DE MAESTROS Y ALUMNOS QUE SE ORIENTEN A CONOCER LOS VALORS EXISTENTES EN EL ESTADO Y FORMULEN PROYECTOS PARA LLEVAR A CABO OBRAS DE SERVICIO SOCIAL, TODO ELLO DENTRO DE LOS PLANES DE ENSEÑANZA QUE SE IMPARTEN EN LAS DISTINT |
| 650 14 - SUBJECT ADDED ENTRY--TOPICAL TERM | |
| Topical term or geographic name entry element | ARQUITECTURA RELIGIOSA |
| General subdivision | GUANAJUATO(CIUDAD) |
| -- | JESUITAS |
| -- | MEXICO |
| 700 1# - ADDED ENTRY--PERSONAL NAME | |
| Personal name | VILLEGAS, VICTOR MANUEL |
| Relator term | coaut. |
| Withdrawn status | Lost status | Source of classification or shelving scheme | Damaged status | Not for loan | Collection code | Home library | Current library | Shelving location | Date acquired | Source of acquisition | Inventory number | Total Checkouts | Full call number | Barcode | Date last seen | Date last checked out | Price effective from | Koha item type |
|---|---|---|---|---|---|---|---|---|---|---|---|---|---|---|---|---|---|---|
| Dewey Decimal Classification | General | Biblioteca Karol Wojtyla | Biblioteca Karol Wojtyla | Sala general | 03/12/2013 | Compra | 151000000000000000027364 | 726.50288 DIA | 72085 | 05/01/2026 | 27/11/2014 | 03/12/2013 | Libro |